Kohler's Dictionary for accountants
Αποθηκεύτηκε σε:
| Κύριος συγγραφέας: | |
|---|---|
| Άλλοι συγγραφείς: | , |
| Μορφή: | Βιβλίο |
| Γλώσσα: | English |
| Δημοσίευση: |
Englewood Cliffs, N.J. :
Prentice-Hall,
c1983
|
| Έκδοση: | 6th ed. |
| Σειρά: | Prentice-Hall series in accounting
|
| Θέματα: | |
| Ετικέτες: |
Προσθήκη ετικέτας
Δεν υπάρχουν, Καταχωρήστε ετικέτα πρώτοι!
|
MARC
| LEADER | 00000cam a2200000 i 4500 | ||
|---|---|---|---|
| 001 | 1/55400 | ||
| 008 | 980305s1983 eng d | ||
| 020 | |a 0135166586 | ||
| 035 | |l 10027843 | ||
| 040 | |a GR-MY-UA |b gre |e aacr | ||
| 041 | 0 | |a eng | |
| 082 | 0 | |a 657.0321 |2 (19) | |
| 100 | 1 | |a Kohler, Eric Louis |d 1892-1976. | |
| 245 | 1 | 0 | |a Kohler's Dictionary for accountants / |c edited by W.W. Cooper, Yuji Ijiri |
| 246 | 3 | 3 | |a Dictionary for accountants |
| 250 | |a 6th ed. | ||
| 260 | |a Englewood Cliffs, N.J. : |b Prentice-Hall, |c c1983 | ||
| 300 | |a xi, 574 σ.; |c 25 εκ. | ||
| 490 | 1 | |a Prentice-Hall series in accounting | |
| 500 | |a Rev. ed. of: A dictionary for accountants. 5th ed. 1975 | ||
| 504 | |a Περιλαμβάνει ευρετήριο | ||
| 650 | 0 | 0 | |a Accounting |x Dictionaries. |
| 700 | 1 | |a Cooper, William W. |q (William Wager) |d 1914- |e edt | |
| 700 | 1 | |a Ijiri, Yuji, |e edt | |
| 830 | 0 | |a Prentice-Hall series in accounting | |
| 852 | |a INST |b CHIOS |e 19980305 |h 657.0321 KOH |p 005200001791 |q 005200001791 |t REF |y 23 | ||
| 909 | |a Χ |b 005128 | ||